All Lana Del Rey Opening Lyrics - Statistics

General Stats
  • This quiz has been taken 510 times
  • The average score is 61 of 124
Answer Stats
Opening Lyric Song % Correct
"Kiss me hard before you go" Summertime Sadness
90%
"They say I'm too young to love you" Brooklyn Baby
88%
"Swinging in the backyard, pull up in your fast car" Video Games
88%
"My p**sy tastes like Pepsi cola" Cola
80%
"Money is the anthem of success" National Anthem
79%
"My baby lives in shades of blue" Shades Of Cool
79%
"There's only [Title] hours in a day" 24
78%
"[Title], white shirt" Blue Jeans
74%
"If you dance, I'll dance" Say Yes To Heaven
74%
"Cinnamon in my teeth, from your kiss" Cinnamon Girl
73%
"Summertime, and the livin's easy" Doin' Time
73%
"Goddamn, man child" Norman f***ing Rockwell
73%
"The [Title] has time to manicure her nails" The Other Woman
73%
"Down on the [Title], they got a sayin'" West Coast
73%
"Feet don't fail me now" Born To Die
71%
"My old man is a bad man" Off To The Races
71%
"Darlin', darlin', doesn't have a problem" Carmen
69%
"He used to call me DN" Ultraviolence
69%
"You took my sadness out of context, at the [Title]" Mariners Apartment Complex
68%
"Putting on my music while I'm watching the boys" Music To Watch Boys To
68%
"Not even they can stop me now" Radio
68%
"I've been out on that open road" Ride
68%
"I've seen the world, done it all, had my cake now" Young And Beautiful
68%
"I paint my nails black, I dye my hair a darker shade of brown" Black Beauty
67%
"In the land of [Title], I was an angel" Gods & Monsters
66%
"Would you be mine? Would you be my baby tonight?" Lolita
66%
"Hands on your knees, I'm Angelina Jolie" Peppers (feat. Tommy Genesis)
66%
"All the pretty stars shine for you, my love" Pretty When You Cry
66%
"Packin' all my things for the summer" White Mustang
66%
"All my friends tell me I should move on" Dark Paradise
62%
"It took [Title] to find one empty" 13 Beaches
61%
"I was at Coachella, leanin' on your shoulder" Coachella - Woodstock In My Mind
61%
"Blue hydrangea, cold cash divine" Old Money
61%
"Do you want me or do you not?" Happiness is a butterfly
60%
"This is a simple song, gonna write it for a friend" Margaret (feat. Bleachers)
60%
"Please don't try to find me through my [Title]" Dealer
59%
"Elvis is my daddy, Marilyn's my mother" Body Electric
58%
"Climb up the H of the Hollywood sign" Lust For Life (with The Weeknd)
58%
"You roll like [Title] when you come crashing in" Thunder
58%
"You're no good for me" Diet Mountain Dew
57%
"White lines, pretty baby, tattoos" Florida Kilos
57%
"My body is a map of L.A." Arcadia
56%
"I haven't done a cartwheel since I was nine" A&W
56%
"She wore [Title]" Blue Velvet
56%
"You don't ever have to be stronger than you really are" California
56%
"We both know that it's not fashionable to love me" Honeymoon
56%
"Share my body and my mind with you" Cruel World
55%
"Look at you kids with your vintage music" Love
55%
"Being a mistress on the side" Sad Girl
55%
"You should stay real close to Jesus" Tulsa Jesus Freak
55%
"Flames so hot that they turn blue" Freak
54%
"I'm smoking while I'm runnin' on my treadmill" In My Feelings
54%
"You said I was the most exotic flower" Million Dollar Man
53%
"Club queen on the downtown scene" Art Deco
52%
"Let's get out of this town, baby, we're on fire" Lucky Ones
52%
"Pick you up at home, quarter to three" Let The Light In (feat. Father John Misty)
51%
"It's never too late to be who you wanna be" Summer Bummer (feat. A$AP Rocky, Playboi Carti)
51%
"I miss Long Beach and I miss you, babe" The greatest
51%
"Remember how we used to party up all night?" This Is What Makes Us Girls
51%
"There's a picture on the wall of me on a John Deere" Blue Banisters
50%
"In the car, in the car, in the backseat, I'm your baby" Love song
50%
"Everything I want, I have" Without You
50%
"All the ladies of the canyon" Bartender
49%
"Topanga is hot tonight, the city by the bay" Heroin
49%
"Life is awesome, I confess" Fucked My Way Up To The Top
47%
"I went to [Title] with a suitcase in my hand" Paris, Texas (feat. SYML)
46%
"Fear fun, fear love, fresh out of f***s forever" Venice B****
46%
"Love, I said real love" Cherry
45%
"I'm on the run with you, my sweet love" Chemtrails Over The Country Club
44%
"John met me down on the boulevard" How to disappear
44%
"All the lights in Miami begin to gleam" Salvatore
44%
"I guess you could call it [Title]" Text Book
44%
"Every Saturday night I get dressed up to ride for you, baby" Burning Desire
43%
"Blue is the color of the planet from the view above" Beautiful People Beautiful Problems (feat. Stevie Nicks)
42%
"My baby used to dance underneath my architecture" The Next Best American Record
42%
"Play house, put my favorite record on" American
41%
"I like to see everything in neon" F*** it I love you
41%
"Put your white tennis shoes on and follow me" Swan Song
41%
"Grenadine quarantine, I like you a lot" Black Bathing Suit
40%
"[Title]? Mosaic ceilings, painted tiles on the wall" Did you know that there's a tunnel under Ocean Blvd
39%
"Finally, I'm crossing the threshold" Get Free
39%
"You're in the bar, playing guitar" Groupie Love (feat. A$AP Rocky)
39%
"Boy, look at you looking at me" High By The Beach
39%
"Blackbirds will sing in the same key" Living Legend
39%
"Girls, don't forget your pearls" When The World Was At War We Kept Dancing
39%
"Don't you dare say that you'll braid my hair, babe" Fishtail
38%
"Heavy metal love of mine" Guns And Roses
38%
"I was reading Slim Aarons and I got to thinking" hope is a dangerous thing for a woman like me to have - but i have it
38%
"Put your red boots on, baby, giddy up" If You Lie Down With Me
38%
"Met my boyfriend down at the [Title]" Taco Truck x VB
37%
"What you don't tell no one, you can tell me" Cherry Blossom
36%
"When I look back, tracing [Title] over plastic bags" Fingertips
36%
"Don't have to write me a letter, 'cause I'll always be right here" Sweet Carolina
36%
"I'm gonna take mine with you with me" The Grants
36%
"'Hey, what you doin'?' Not a lot" Tomorrow Never Came (feat. Sean Ono Lennon)
36%
"Why you always doin' that?" Watercolor Eyes (from "Euphoria")
36%
"[Title] is a hard thing to do" Breaking Up Slowly
35%
"Sometimes I wake up in the morning, to red, blue, and yellow skies" God Knows I Tried
35%
"Three white butterflies to know you're near" Grandfather please stand on the shoulders of my father while he's deep-sea fishing
34%
"You say that you wanna go to a land that's far away" Money Power Glory
34%
"Everything is fine now, let sleeping dogs lay" Religion
34%
"Gargoyles standing at the front of your gate" Bel Air
31%
"I come from a small town, how about you?" Let Me Love You Like A Woman
31%
"Carry me home, got my blue nail polish on" The Blackest Day
31%
"I like the snake on your tattoo" Yayo
31%
"There's something in the wind, I can feel it blowin' in" Change
30%
"Stars in my eyes, hiking up Griffith" Sweet
28%
"Here's the deal, 'cause I know you wanna talk about it" Wildflower Wildfire
28%
"Seasons may change, but we won't change" Yosemite
28%
"It's [Title], that's what he would say to me" Dark But Just A Game
27%
"Sun stare, don't care with my head in my hands thinking of a simpler time" White Dress
26%
"Baby, you understand me now" Don't Let Me Be Misunderstood
25%
"Take me as I am, take me, baby, in stride" God Bless America - And All The Beautiful Women In It
25%
"There's something in the air" Violets for Roses
25%
"There's a certain point the body can't come back from" Kintsugi
24%
"What would you do if I told you, you make me crazy" Wild At Heart
24%
"What cruel world is this? [Title]" Nectar Of The Gods
23%
"White fire, cinnamon on my teeth" Candy Necklace (feat. Jon Batiste)
22%
"I've been wearing the same damn clothes for three damn days" Not All Who Wander Are Lost
22%
"I'm coverin' Joni and dancin' with Joan" Dance Til We Die
21%
"I slept last night in a good hotel" For Free
21%
"You are what you are" Terrence Loves You
21%
"Let's keep it simple, babe, don't make it complicated" Beautiful
19%
"Took a trip to San Francisco" Looking For America
18%
No matching quizzes found
Score Distribution
Percent of People with Each Score
Percentile by Number Answered
Your Score History
You have not taken this quiz